Contributions of time dependent and cyclic crack growth to the crack growth behavior of non strain-crystallizing elastomers (Record no. 56295)

MARC details
000 -LEADER
fixed length control field 00538nam a2200169Ia 4500
100 ## - MAIN ENTRY--AUTHOR NAME
Personal name Busfield J J C
245 #0 - TITLE STATEMENT
Title Contributions of time dependent and cyclic crack growth to the crack growth behavior of non strain-crystallizing elastomers
260 ## - PUBLICATION, DISTRIBUTION, ETC. (IMPRINT)
Name of publisher Rubber Chemistry and Technology
Year of publication 2002
300 ## - PHYSICAL DESCRIPTION
Number of Pages 643-656
650 ## - SUBJECT ADDED ENTRY--TOPICAL TERM
Topical Term Crack growth
650 ## - SUBJECT ADDED ENTRY--TOPICAL TERM
Topical Term Non strain-crystallizing elastomer
700 ## - ADDED ENTRY--PERSONAL NAME
Personal name Davies C K L
700 ## - ADDED ENTRY--PERSONAL NAME
Personal name Thomas A G
700 ## - ADDED ENTRY--PERSONAL NAME
Personal name Tsunoda K
942 ## - ADDED ENTRY ELEMENTS (KOHA)
Koha item type Journals
Holdings
Withdrawn status Lost status Damaged status Not for loan Home library Current library Shelving location Date acquired Serial Enumeration / chronology Koha item type
      Journals RRII Library RRII Library Rubber chemistry 01/01/2021 Volume 75, Issue 4 Journals